000 01159nam a2200253Ia 4500
001 270.8-DID ci le (16647)
003 IT-MiSPE
008 171229s9999||||xx |||||||||||||| ||und||
040 _aIT-MiSPE
_cIT-MiSPE
041 _aITALIANO
100 _aDidimo il Cieco (Didyme l'Aveugle)
240 _aCommentarrii in Psalmos
245 0 _aLezioni sui Salmi
_bIl "Commento ai Salmi" scoperto a Tura
250 _a1a ed. (v)
260 _aMilano
_bPaoline
_c2005
300 _a900 p.
_c20 cm
490 _aLetture cristiane del primo millennio
_v37
501 _aEdizioni San Paolo srl - Piazza Soncino, 5 - 20092 CINISELLO BALSAMO (MI) (non commercial uses only) ® Copyright 2018
520 _aEmanuela Prinzivalli (intr., note)
700 _aEmanuela Prinzivalli
_g(traduzione)
942 _cBK
957 _71
999 _a3028
_bNO
_g Copie: 1
_c346426
_d346426